Datum a čas kvízu
29
Celkem bodů
Celkový počet nahraných bodů na tomto kvízu bez doplňovacích otázek.
10.
Pořadí na kvízu
Konečné umístění týmu na tomto kvízu.
Zaznamenané odpovědi
| # | Otázka | Odpověď | Body | Výsledky |
|---|---|---|---|---|
| -14. | Zaměříme se na nová slova v če... | sluníčkář | 1 | |
| -13. | Jeden z našich nejdůraznějších... | Tomáš Řepka, blikanec | 0 | |
| -12. | Tento výraz je sice znám již o... | tunelování | 0 | |
| -11. | Jak se nazývá termín, který by... | eurohujerismus | 0 | |
| -10. | Tvorba neologismů není jen zál... | Jiří Voskovec, Jan Werich | 0 | |
| 11. | V tomto tématu se podíváme na... | Zlín, Most a Cheb. | 1 | |
| 12. | Jak se jmenuje nejlidnatější č... | Dvůr Králové nad Labem | 1 | |
| 13. | Seřaďte tato města podle počtu... | 1C 2D 3B 4A | 1 | |
| 14. | Jak se jmenuje nejlidnatější č... | Rožnov pod Radhoštěm | 1 | |
| 15. | Které naše nekrajské město má... | Havířov | 1 |